Ponímanie pojmu business intelligence v slovenských podnikoch

Identifikácia pripravenosti podnikov na zavedenie a využívanie systémov Business Intelligence, ako aj posúdenieť existencie predpokladov zavedenia týchto systémov.

Saved in:
Bibliographic Details
Main Author: Kokles, Mojmír
Other Authors: Hamranová, Anna, 1957-
Format: Book Chapter
Language:Slovak
Subjects:
Tags: Add Tag
No Tags, Be the first to tag this record!

MARC

LEADER 00000nla$a2200000$$$4500
001 0103471
005 20240502072126.9
041 0 |a slo 
044 |a SK 
245 1 0 |a Ponímanie pojmu business intelligence v slovenských podnikoch  |c Mojmír Kokles, Anna Hamranová 
520 |a Identifikácia pripravenosti podnikov na zavedenie a využívanie systémov Business Intelligence, ako aj posúdenieť existencie predpokladov zavedenia týchto systémov. 
610 2 0 |a metódy riadenia 
610 2 0 |a podnik 
610 2 0 |a prieskum informačný 
610 2 0 |a dotazníky 
610 2 0 |a systémy informačné 
610 2 0 |a systémy informačné podnikové 
610 2 0 |a rozhodovanie podnikové 
100 1 |a Kokles, Mojmír 
700 1 |a Hamranová, Anna, 1957-